Music Quiz

Random Music or Bands Quiz

Band Merch: Real or fake? Quiz Stats

 Plays Quiz not verified by Sporcle

Challenge
Share
Tweet
Embed
Score 0/12 Timer 03:00
0 Plays Today
% Correct
Alice Cooper eyeliner
73.3%
Kiss Coffin
68.9%
ACDC Oven Glove
64.4%
Deadmau5 cat headphones
63.3%
Dr. Dre Fridge Magnets
61.1%
Slayer Christmas sweater
60%
Gwar Hot Sauce
56.7%
The Dead Milkmen’s methodist colouring book
51.1%
Slayer wine
51.1%
Rolling Stones Skis
47.8%
White Stripes sewing kit
44.4%
The Raconteurs soap
43.3%

You're not logged in!

Compare scores with friends on all Sporcle quizzes.
OR
Log In

You Might Also Like...

Show Comments

Extras

Top Quizzes Today


Score Distribution

Your Account Isn't Verified!

In order to create a playlist on Sporcle, you need to verify the email address you used during registration. Go to your Sporcle Settings to finish the process.

Report this User

Report this user for behavior that violates our Community Guidelines.

Details: